000 00782nam a22002777a 4500
001 BR9510963
003 BR-BrBNA
005 20230928094841.0
007 ta
008 230509b bl.||||| |||| 00| 0 por d
040 _aBR-BrBNA
_bpor
_cBiblioteca Nacional de Agricultura
041 _a(Por)
072 _aE50; E51
090 _ E50 BR9510963
110 1 _aEmpresa Brasileira de Planejamento de Transporte, Brasilia, DF (Brasil)
_93944
245 1 _aAvaliacao preliminar do transporte rural. Destaque para o segmento escolar
260 3 _aBrasilia, DF (Brasil):
_c1995.
300 _a185 p.
500 _a24 ref.
650 _aTransporte
650 _aPopulacao Rural
650 _aEscola
650 _aCusto
909 _a202309
_bLucia
_c55
_dLucia Elande
942 _cBK
999 _c53013
_d53013